00441nam a2200145Ia 4500008004100000020001800041041000800059082001800067100002200085245010800107250000600215260005300221300001200274650000900286210716s2007 xx 000 0 und d a9788120332621 aeng a005.3002 WINW aWinston, Wayne L. aMicrosoft office excel 2007: data analysis and business modeling.bData analysis and business modeling. a1 aNew DelhibPrentice Hall of India PVt Ltd.c2007 axix,601 aNone